Psychopathologie de l'enfant et de l'adolescent (notice n° 2106331)
[ vue normale ]
| 000 -LEADER | |
|---|---|
| fixed length control field | 00736cam a2200133 4500500 |
| 005 - DATE AND TIME OF LATEST TRANSACTION | |
| control field | 20260405013548.0 |
| 041 ## - LANGUAGE CODE | |
| Language code of text/sound track or separate title | fre |
| 042 ## - AUTHENTICATION CODE | |
| Authentication code | dc |
| 100 10 - MAIN ENTRY--PERSONAL NAME | |
| Personal name | Despinoy, Maurice |
| Relator term | author |
| 245 00 - TITLE STATEMENT | |
| Title | Psychopathologie de l'enfant et de l'adolescent |
| 260 ## - PUBLICATION, DISTRIBUTION, ETC. | |
| Name of publisher, distributor, etc. | Armand Colin,<br/> |
| Date of publication, distribution, etc. | 2010.<br/> |
| 520 ## - SUMMARY, ETC. | |
| Summary, etc. | Outil de travail pour l’étudiant, cet ouvrage offre une étude complète de la pathologie mentale de l’enfant et de l’adolescent. Les descriptions cliniques sont suivies d’exposés théoriques sur les processus psychiques. Pour chaque trouble, sont indiqués les traitements spécifiques. |
| 856 41 - ELECTRONIC LOCATION AND ACCESS | |
| Uniform Resource Identifier | <a href="https://shs.cairn.info/psychopathologie-de-l-enfant-et-de-l-adolescent--9782200243227?lang=fr&redirect-ssocas=7080">https://shs.cairn.info/psychopathologie-de-l-enfant-et-de-l-adolescent--9782200243227?lang=fr&redirect-ssocas=7080</a> |
Pas d'exemplaire disponible.




Réseaux sociaux